| 000 | 00495ntaaa2200193 4500 | ||
|---|---|---|---|
| 003 | 01 | ||
| 005 | 20251027202122.0 | ||
| 008 | 0714s1973 ag 01 | ||
| 020 | _a2825409642 | ||
| 040 |
_aAR-BaBN _bspa _cAR-BaBN _eaacr _dRIC |
||
| 082 | _a261.8000 N59r | ||
| 100 |
_aNiles, D Perman _919663 |
||
| 245 | _aResisting the threats to life | ||
| 250 | _a1 ed. | ||
| 260 |
_aGeneva : _bWorld Council of Churches, _c1989 |
||
| 300 |
_ax, 85 p ; _c21 cm |
||
| 650 | _aiglesia y sociedad | ||
| 942 | _cBK | ||
| 999 |
_c16075 _d16075 |
||